|
|
|
|
| LEADER |
01204nam a22003732i 4500 |
| 001 |
000353243 |
| 003 |
CZ BrMZK |
| 005 |
20170313114021.0 |
| 007 |
ta |
| 008 |
980105s1980 xr a e cze d |
| 040 |
|
|
|a BOA001
|b cze
|e rda
|
| 041 |
0 |
|
|a cze
|a ger
|a rus
|
| 043 |
|
|
|a e-xr---
|b e-xr-jc
|2 czenas
|
| 072 |
|
7 |
|a 58
|x Botanika
|2 Konspekt
|9 2
|
| 080 |
|
|
|a 58:069.029
|2 MRF
|
| 080 |
|
|
|a (437.319)
|2 MRF
|
| 080 |
|
|
|a (041)
|2 MRF
|
| 100 |
1 |
|
|a Šechtlová, Marie,
|d 1928-2008
|7 jk01122711
|4 aut
|
| 245 |
1 |
0 |
|a Botanická zahrada Tábor /
|c foto Marie a Josef Šechtlovi
|
| 250 |
|
|
|a 1. vydání
|
| 264 |
|
1 |
|a Praha :
|b Pressfoto,
|c [1980]
|
| 300 |
|
|
|a 1 list :
|b ilustrace
|
| 336 |
|
|
|a text
|b txt
|2 rdacontent
|
| 337 |
|
|
|a bez média
|b n
|2 rdamedia
|
| 338 |
|
|
|a svazek
|b nc
|2 rdacarrier
|
| 546 |
|
|
|a Německý a ruský text
|
| 650 |
0 |
7 |
|a botanické zahrady
|7 ph114190
|z Česko
|2 czenas
|
| 651 |
|
7 |
|a Tábor (Česko)
|7 ge131164
|2 czenas
|
| 655 |
|
7 |
|a letáky
|7 fd132728
|2 czenas
|
| 700 |
1 |
|
|a Šechtl, Josef,
|d 1925-1992
|7 jk01122710
|4 aut
|
| 910 |
|
|
|a BOA001
|b X-0828.279
|
| 990 |
|
|
|a BK
|
| 991 |
|
|
|b 201609
|
| 996 |
6 |
|
|b 2619848962
|c X-0828.279
|l MZK
|r Sklad / do 24 hodin
|n 3
|w 000353243
|u 000010
|a 1
|e BOA001
|j MZK50
|s P
|